| 000 | 00631 a2200193 4500 | ||
|---|---|---|---|
| 020 | _a0387719385 | ||
| 020 | _a9780387719382 | ||
| 082 | _a519.2 | ||
| 090 |
_c1197 _d1197 |
||
| 100 | 1 | _aBhattacharya, Rabi. | |
| 245 | 1 | 2 |
_aA basic course in probability theory / _cRabi Bhattacharya, Edward C. Waymire. |
| 260 |
_a[S.l.] : _bSpringer, _c2007. |
||
| 300 |
_a232 p. ; _c24 cm. |
||
| 490 | 1 | _aUniversitext. | |
| 700 | 1 | _aWaymire, Edward C. | |
| 830 | 0 | _aUniversitext. | |
| 942 |
_aSNS _cBK _k519.2 BHA |
||
| 999 |
_c29810 _d29810 |
||